| 000 | 00383nam a22001337a 4500 | ||
|---|---|---|---|
| 008 | 210513b ||||| |||| 00| 0 eng d | ||
| 020 | _a9789579414791 | ||
| 082 | _a294.3 SHA | ||
| 245 |
_aDhammapada Vagga 1-10 _bVol.I |
||
| 260 |
_aTaiwan ; _bThe Corporate body of the Buddha Educational Foundation, _c2019. |
||
| 300 |
_a337 p. _c24 cm. |
||
| 700 | _aSharan, Hrishikesh | ||
| 942 | _2ddc | ||
| 999 |
_c8741 _d8742 |
||